[Event "9th EUROPEAN  INDIVIDUAL  WOME"]
[Site "Plovdiv, Bulgaria"]
[Date "2008.04.29"]
[Round "8"]
[Board "1"]
[White "Paehtz, Elisabeth"]
[Black "Vasilevich, Tatjana"]
[Result "1/2-1/2"]
[WhiteElo "2449"]
[BlackElo "2360"]
[PlyCount "35"]
[EventDate "2008.04.21"]
[EventRounds "11"]
[EventCountry "BUL"]

1.e4 c5 2.Nf3 a6 3.c3 e6 4.d4 d5 5.e5 Bd7 6.g3 Bb5 7.Bg2 a5 8.Be3 Nd7 9.Nbd2 Ne7
10.Rc1 Nc6 11.a3 cxd4 12.cxd4 Qb6 13.Nb1 Be7 14.Nc3 Bc4 15.Nd2 Bd3 16.Nf3 Bc4
17.Nd2 Bd3 18.Nf3

[Event "9th EUROPEAN  INDIVIDUAL  WOME"]
[Site "Plovdiv, Bulgaria"]
[Date "2008.04.29"]
[Round "8"]
[Board "1"]
[White "Milliet, Sophie"]
[Black "Matveeva, Svetlana"]
[Result "1/2-1/2"]
[WhiteElo "2354"]
[BlackElo "2420"]
[PlyCount "88"]
[EventDate "2008.04.21"]
[EventRounds "11"]
[EventCountry "BUL"]

1.e4 e6 2.d4 d5 3.Nc3 Bb4 4.e5 Ne7 5.a3 Bxc3+ 6.bxc3 c5 7.a4 Qc7 8.Nf3 b6 9.Bb5+
Bd7 10.Bd3 Nbc6 11.O-O c4 12.Be2 f6 13.Ba3 fxe5 14.dxe5 Nxe5 15.Nxe5 Qxe5 16.Re1
Qf6 17.Bf3 O-O 18.Bxe7 Qxe7 19.Qxd5 Rac8 20.Qb7 Qd8 21.Qxa7 Rxf3 22.gxf3 Bc6
23.Qa6 Bxf3 24.Re5 Rc6 25.Qb5 h6 26.Re3 Bd5 27.a5 bxa5 28.Qxa5 Rb6 29.Rae1 Kh7
30.Qa7 Rb2 31.Rg3 Qf8 32.Rc1 Rb7 33.Qd4 Rf7 34.Ra1 Rf4 35.Qd2 Rf7 36.Qe3 Qb8
37.Qe2 Qb6 38.Rd1 Qc5 39.Qe3 Qc7 40.Ra1 Qb7 41.Qe2 Qb6 42.Rd1 Rf8 43.Qe3 Qc7
44.Re1 Rf6

[Event "9th EUROPEAN  INDIVIDUAL  WOME"]
[Site "Plovdiv, Bulgaria"]
[Date "2008.04.29"]
[Round "8"]
[Board "1"]
[White "Peptan, Corina Isabela"]
[Black "Gvetadze, Sopio"]
[Result "0-1"]
[WhiteElo "2415"]
[BlackElo "2350"]
[PlyCount "142"]
[EventDate "2008.04.21"]
[EventRounds "11"]
[EventCountry "BUL"]

1.e4 c5 2.c3 Nf6 3.e5 Nd5 4.Nf3 Nc6 5.d4 cxd4 6.cxd4 d6 7.Bc4 Nb6 8.Bb5 dxe5
9.Nxe5 Bd7 10.Bxc6 Bxc6 11.Nxc6 bxc6 12.O-O g6 13.Qc2 Rc8 14.Rd1 Bg7 15.Bf4 O-O
16.Be5 c5 17.Nc3 c4 18.Bxg7 Kxg7 19.d5 Rc7 20.Qe4 Kg8 21.Rd4 Nc8 22.Rad1 Nd6
23.Qf4 Qb8 24.R1d2 Qc8 25.h3 Rd8 26.Re2 a6 27.a4 Qf5 28.Qd2 Qf6 29.Rf4 Qg7
30.Qe1 Rdd7 31.Na2 Nf5 32.Nb4 Qf6 33.Re5 Rc5 34.a5 Rxa5 35.Rxc4 e6 36.Rc6 Ne7
37.Rxa6 Rxa6 38.Nxa6 Nxd5 39.b4 Rb7 40.Re4 Ra7 41.Qf1 Qb2 42.Re1 Qd4 43.Qb5 Kg7
44.Rc1 Qb2 45.Rc6 Nf4 46.Qc4 Qe5 47.b5 Rd7 48.Qf1 Rd2 49.Nc5 Qd5 50.g3 Nxh3+
{Diagram #} 51.Qxh3 Rd1+ 52.Qf1 Rxf1+ 53.Kxf1 Qc4+ 54.Kg1 Qxb5 55.Rc7 Qb6 56.Rc8
h5 57.Nd3 Qd4 58.Ne1 g5 59.Rc2 Qe4 60.Kf1 f5 61.Rc3 h4 62.gxh4 Qh1+ 63.Ke2 gxh4
64.Nf3 h3 65.Rc4 Qg2 66.Rh4 e5 67.Ne1 e4 68.Nxg2 hxg2 69.f3 g1=Q 70.fxe4 Qg2+
71.Kd1 Qf1+

[Event "9th EUROPEAN  INDIVIDUAL  WOME"]
[Site "Plovdiv, Bulgaria"]
[Date "2008.04.29"]
[Round "8"]
[Board "1"]
[White "Zawadzka, Jolanta"]
[Black "Djingarova, Emilia"]
[Result "1-0"]
[WhiteElo "2397"]
[BlackElo "2301"]
[PlyCount "58"]
[EventDate "2008.04.21"]
[EventRounds "11"]
[EventCountry "BUL"]

1.e4 e5 2.Nf3 Nc6 3.Bb5 a6 4.Ba4 Nf6 5.O-O b5 6.Bb3 Bc5 7.a4 Rb8 8.c3 O-O 9.d4
Bb6 10.dxe5 Ng4 11.axb5 axb5 12.Bg5 Qe8 13.Nd4 Ngxe5 14.Nf5 d6 15.Qh5 Bxf5
16.exf5 Qd7 17.f6 Qg4 18.Qxg4 Nxg4 19.fxg7 Rfe8 20.Bh4 Kxg7 21.h3 Nge5 22.Na3 b4
23.cxb4 Nxb4 24.Ba4 Re6 25.Kh2 Ned3 26.b3 Re2 27.f4 Rg8 28.Bd7 h5 29.Nb5 Bd4

[Event "9th EUROPEAN  INDIVIDUAL  WOME"]
[Site "Plovdiv, Bulgaria"]
[Date "2008.04.29"]
[Round "8"]
[Board "1"]
[White "Batsiashvili, Nino"]
[Black "Muzychuk, Mariya"]
[Result "1-0"]
[WhiteElo "2304"]
[BlackElo "2387"]
[PlyCount "141"]
[EventDate "2008.04.21"]
[EventRounds "11"]
[EventCountry "BUL"]

1.d4 f5 2.Nc3 d5 3.Bf4 Nf6 4.e3 c6 5.Nf3 e6 6.Bd3 Be7 7.O-O O-O 8.Ne2 Nbd7 9.c4
Ne4 10.h3 b6 11.Rc1 Bb7 12.Bh2 Qe8 13.a3 a5 14.Ne5 Nxe5 15.Bxe5 Ba6 16.Nf4 Bd6
17.Bxd6 Nxd6 18.c5 bxc5 19.Rxc5 g5 20.Rxa5 {Diagram #} gxf4 21.Rxa6 Rxa6 22.Bxa6
fxe3 23.fxe3 Qd8 24.Bd3 Qb6 25.Qf3 Ne4 26.Bxe4 dxe4 27.Qg3+ Kf7 28.Rf2 Qb3
29.Qc7+ Kf6 30.Qe5+ Ke7 31.Qc7+ Kf6 32.Qe5+ Ke7 33.Qc5+ Kf7 34.Qc3 Qxc3 35.bxc3
Ra8 36.Ra2 Ra4 37.Kf2 Ke7 38.Kg3 Kd6 39.Kf4 Kd5 40.g4 fxg4 41.hxg4 Ra7 42.c4+
Kxc4 43.Kxe4 Kb3 44.Rh2 Rg7 45.Kf4 Kxa3 46.Rc2 Rc7 47.Ke5 Kb3 48.Rc5 Rg7 49.Kf4
Rf7+ 50.Ke4 Rc7 51.g5 Kb4 52.Ke5 Rc8 53.e4 Rg8 54.Kxe6 Rd8 55.Ke5 Re8+ 56.Kf4
Rd8 57.Ke3 Rd6 58.e5 Rg6 59.Kf4 h6 60.gxh6 Rxh6 61.Kg5 Re6 62.Kf5 Rh6 63.e6 Rh5+
64.Kf6 Rh6+ 65.Kf7 Rh7+ 66.Kg6 Rh4 67.e7 Rxd4 68.Rxc6 Re4 69.Kf7 Kb5 70.Re6 Rf4+
71.Kg6

[Event "9th EUROPEAN  INDIVIDUAL  WOME"]
[Site "Plovdiv, Bulgaria"]
[Date "2008.04.29"]
[Round "8"]
[Board "1"]
[White "Peng, Zhaoqin"]
[Black "Golubenko, Valentina"]
[Result "1-0"]
[WhiteElo "2455"]
[BlackElo "2253"]
[PlyCount "141"]
[EventDate "2008.04.21"]
[EventRounds "11"]
[EventCountry "BUL"]

1.d4 Nf6 2.c4 c5 3.d5 e6 4.Nc3 exd5 5.cxd5 d6 6.Bg5 h6 7.Bh4 g5 8.Bg3 Qa5 9.Qd3
Be7 10.Nf3 Na6 11.e4 Nb4 12.Qb5+ Qxb5 13.Bxb5+ Bd7 14.Bxd7+ Kxd7 15.O-O-O Nh5
16.a3 Na6 17.Nd2 Nc7 18.e5 Nxg3 19.hxg3 b5 20.g4 Rad8 21.Nde4 Kc8 22.Ng3 dxe5
23.Nf5 Bf8 24.d6 Ne6 25.Rd5 Kb7 26.Kb1 Kc6 27.Rhd1 Nd4 28.b4 Bxd6 29.Nxd6 Rxd6
30.Rxc5+ Kb6 31.Rxe5 Rhd8 32.Kb2 a6 33.Ne4 Re6 34.Rxe6+ fxe6 35.Rh1 Rh8 36.f3
Rc8 37.Nc5 Rh8 38.Re1 Re8 39.Kc3 e5 {Diagram #} 40.Rxe5 Ne2+ 41.Kd2 Rxe5 42.Nd7+
Kc7 43.Nxe5 Nf4 44.g3 Nd5 45.Kd3 Kd6 46.Nf7+ Ke6 47.Nxh6 Nb6 48.Nf5 Ke5 49.Nd4
Nc4 50.Nc2 Nb2+ 51.Kc3 Na4+ 52.Kd2 Nb6 53.Kd3 Nc4 54.Kc3 Nb6 55.Ne3 Na4+ 56.Kd3
Nb6 57.Nd1 Nd5 58.Nc3 Nb6 59.Ne4 Nc4 60.Nxg5 Nxa3 61.f4+ Kd5 62.Ne4 Nc4 63.g5
Nb2+ 64.Kc3 Nc4 65.g6 Ke6 66.f5+ Ke7 67.Kd4 a5 68.f6+ Kf8 69.f7 Ke7 70.Ng5 Nd6
71.bxa5

[Event "9th EUROPEAN  INDIVIDUAL  WOME"]
[Site "Plovdiv, Bulgaria"]
[Date "2008.04.29"]
[Round "8"]
[Board "1"]
[White "Paulet, Iozefina"]
[Black "Socko, Monika"]
[Result "0-1"]
[WhiteElo "2308"]
[BlackElo "2505"]
[PlyCount "112"]
[EventDate "2008.04.21"]
[EventRounds "11"]
[EventCountry "BUL"]

1.e4 c5 2.Nc3 d6 3.f4 g6 4.Nf3 Bg7 5.Bc4 e6 6.O-O Ne7 7.d4 cxd4 8.Nxd4 Nbc6
9.Ndb5 O-O 10.Be3 d5 11.exd5 Na5 12.Bb3 exd5 13.Bd4 a6 14.Bxg7 Kxg7 15.Nd4 Qb6
16.Kh1 Nc4 17.Re1 Qf6 18.f5 Bxf5 19.Nxf5+ gxf5 20.Rxe7 Qxe7 21.Nxd5 Qe4 22.Bxc4
Qxc4 23.Nb6 Qe4 24.Nxa8 Rxa8 25.Qh5 h6 26.Rf1 Re8 27.c3 Qd3 28.Rd1 Re2 29.Rg1
Rxb2 30.a4 Rc2 31.h3 Rxc3 32.Qh4 Qe4 33.Qh5 Rc6 34.Rf1 Rg6 35.Qf3 b5 36.axb5
axb5 37.Qf2 b4 38.Qb2+ Kh7 39.Rf2 Re6 40.Kg1 Qe1+ 41.Rf1 Qe3+ 42.Kh1 Qd3 43.Rc1
b3 44.Rb1 Re2 45.Qxb3 Re1+ 46.Rxe1 Qxb3 47.Rf1 Kg6 48.Kh2 Kg5 49.Kg1 Qe3+ 50.Kh2
Kf6 51.Rb1 Qd3 52.Re1 Kg5 53.Kg1 Kf4 54.Kf2 Qd4+ 55.Kf1 Kg3 56.Re2 Qd1+

[Event "9th EUROPEAN  INDIVIDUAL  WOME"]
[Site "Plovdiv, Bulgaria"]
[Date "2008.04.29"]
[Round "8"]
[Board "1"]
[White "Juergens, Vera"]
[Black "Lomineishvili, Maia"]
[Result "0-1"]
[WhiteElo "2302"]
[BlackElo "2400"]
[PlyCount "142"]
[EventDate "2008.04.21"]
[EventRounds "11"]
[EventCountry "BUL"]

1.d4 Nf6 2.Bg5 e6 3.e3 h6 4.Bh4 d6 5.Bd3 Nbd7 6.Nd2 b6 7.h3 Bb7 8.Ngf3 Be7 9.Bg3
c5 10.c3 cxd4 11.exd4 O-O 12.O-O Re8 13.Qe2 Bf8 14.Rad1 a6 15.a4 Qc7 16.Rfe1 Nd5
17.c4 Nb4 18.Bb1 Rac8 19.Qe3 Qb8 20.Rc1 Qa8 21.Ne4 Bxe4 22.Bxe4 d5 23.cxd5 Nxd5
24.Qb3 N7f6 25.Bb1 Bb4 26.Red1 Rxc1 27.Rxc1 Rc8 28.Rxc8+ Qxc8 29.Qc2 Qxc2
30.Bxc2 Nh5 31.Bb8 Nhf4 32.Kf1 Be7 33.Ne5 Nb4 34.Be4 Nfd5 35.g3 Bg5 36.f4 Bf6
37.Ke2 g6 38.Bd6 h5 39.h4 Be7 40.Bxe7 Nxe7 41.Nc4 Nbd5 42.Ne3 Kf8 43.Nxd5 exd5
44.Bd3 a5 45.Kf3 Kg7 46.Bc2 Kf6 47.Bd3 Nc8 48.Ke3 Nd6 49.b3 Nf5+ 50.Bxf5 Kxf5
51.Kf3 f6 52.Ke3 Kg4 53.Kf2 Kh3 54.f5 gxf5 55.Kf3 Kh2 56.Kf4 Kg2 57.Kxf5 Kxg3
58.Ke6 f5 59.Kxf5 Kxh4 60.Kf4 Kh3 61.Ke5 Kg4 62.Kxd5 h4 63.Kc6 h3 64.Kxb6 h2
65.Kxa5 h1=Q 66.b4 Qa8+ 67.Kb5 Qd5+ 68.Ka6 Qxd4 69.Kb5 Kf5 70.a5 Ke6 71.a6 Kd7

[Event "9th EUROPEAN  INDIVIDUAL  WOME"]
[Site "Plovdiv, Bulgaria"]
[Date "2008.04.29"]
[Round "8"]
[Board "1"]
[White "Rudolf, Anna"]
[Black "Vasilevich, Irina"]
[Result "1/2-1/2"]
[WhiteElo "2302"]
[BlackElo "2395"]
[PlyCount "99"]
[EventDate "2008.04.21"]
[EventRounds "11"]
[EventCountry "BUL"]

1.e4 c5 2.Nf3 e6 3.d4 cxd4 4.Nxd4 a6 5.Nc3 Qc7 6.g3 d6 7.Bg2 Bd7 8.O-O Nc6 9.a4
Be7 10.Nxc6 Bxc6 11.Be3 Nf6 12.a5 Nd7 13.f4 O-O 14.Qe2 Rae8 15.Rfe1 Bf6 16.Qd2
b5 17.axb6 Nxb6 18.Qd3 Bb7 19.Na4 Nc4 20.Bd4 Bxd4+ 21.Qxd4 Rb8 22.b3 Na5 23.Qb6
Rfc8 24.Red1 Ba8 25.Qxd6 Qxd6 26.Rxd6 Rxc2 27.Nb6 Nb7 28.Rd4 e5 29.fxe5 Nc5
30.Rad1 Ne6 31.Rd6 g6 32.b4 Kg7 33.Nd5 a5 34.Rb6 Rxb6 35.Nxb6 axb4 36.Nxa8 b3
37.Nb6 b2 38.Na4 Nc5 39.Nxb2 Rxb2 40.Rd4 Ne6 41.Rd5 h5 42.h4 Kf8 43.Bf1 g5
44.hxg5 Nxg5 45.Bg2 Ne6 46.Bf3 Rb3 47.Kg2 Rb2+ 48.Kg1 Rb3 49.Kg2 Rb2+ 50.Kg1

[Event "9th EUROPEAN  INDIVIDUAL  WOME"]
[Site "Plovdiv, Bulgaria"]
[Date "2008.04.29"]
[Round "8"]
[Board "1"]
[White "Bensdorp, Marlies"]
[Black "Repkova, Eva"]
[Result "1/2-1/2"]
[WhiteElo "2268"]
[BlackElo "2381"]
[PlyCount "40"]
[EventDate "2008.04.21"]
[EventRounds "11"]
[EventCountry "BUL"]

1.d4 Nf6 2.c4 e6 3.Nc3 d5 4.cxd5 exd5 5.Bg5 Be7 6.e3 O-O 7.Bd3 c6 8.Qc2 Nbd7
9.Nf3 Re8 10.h3 Nf8 11.Bf4 Bd6 12.Bxd6 Qxd6 13.O-O g6 14.Rab1 a5 15.a3 Ne6
16.Na4 Nd7 17.b4 b5 18.Nc5 Nexc5 19.dxc5 Qf6 20.a4 axb4

[Event "9th EUROPEAN  INDIVIDUAL  WOME"]
[Site "Plovdiv, Bulgaria"]
[Date "2008.04.29"]
[Round "8"]
[Board "1"]
[White "Khukhashvili, Sopiko"]
[Black "Zakurdjaeva, Irina"]
[Result "1/2-1/2"]
[WhiteElo "2371"]
[BlackElo "2296"]
[PlyCount "145"]
[EventDate "2008.04.21"]
[EventRounds "11"]
[EventCountry "BUL"]

1.e4 c5 2.b3 b6 3.Bb2 Bb7 4.d3 d5 5.Nc3 d4 6.Nce2 e5 7.Nf3 Nc6 8.g3 g6 9.Bg2 Bg7
10.O-O Nge7 11.Nd2 O-O 12.f4 f5 13.Nc4 b5 14.Nxe5 Nxe5 15.fxe5 fxe4 16.Rxf8+
Qxf8 17.dxe4 Bxe5 18.Qd3 Qf6 19.Rf1 Qb6 20.Bc1 Bg7 21.Kh1 Nc6 22.a3 Ne5 23.Qd2
Re8 24.Nf4 Ng4 25.Qd3 Nf6 26.Nd5 Nxd5 27.exd5 c4 28.Qd1 cxb3 29.cxb3 Qc5 30.Re1
Rxe1+ 31.Qxe1 Bxd5 32.Qe8+ Bf8 33.Bh6 Bf7 34.Qa8 d3 35.h4 Qd6 36.Kh2 d2 37.Bf3
Qxa3 38.Bxd2 Qb2 39.Qd8 Qxb3 40.Bg2 Qe6 41.Bc3 Qd6 42.Qa8 b4 43.Ba1 b3 44.Qxa7
Bg7 45.Bxg7 Kxg7 46.Qb7 Qd2 47.Qb5 Qc3 48.h5 b2 49.Qb7 Qb3 50.Qe4 Qb6 51.Qe5+
Kf8 52.Be4 Qf2+ 53.Kh3 Qf1+ 54.Kh4 b1=Q 55.Qd6+ Kg8 56.Qd8+ Be8 57.Qxe8+ Kg7
58.Qe7+ Kh6 59.Qg5+ Kg7 60.h6+ Kf7 61.Bd5+ Ke8 62.Bc6+ Kf7 63.Qd5+ Kf6 64.Qd6+
Kf7 65.Qd7+ Kf6 66.Qd4+ Ke6 67.Qd7+ Ke5 68.Qd5+ Kf6 69.Qd6+ Kf7 70.Bd5+ Ke8
71.Qe6+ Kd8 72.Qd6+ Ke8 73.Bc6+

[Event "9th EUROPEAN  INDIVIDUAL  WOME"]
[Site "Plovdiv, Bulgaria"]
[Date "2008.04.29"]
[Round "8"]
[Board "1"]
[White "Molchanova, Tatjana"]
[Black "Raeva, Elitsa"]
[Result "1-0"]
[WhiteElo "2359"]
[BlackElo "2258"]
[PlyCount "87"]
[EventDate "2008.04.21"]
[EventRounds "11"]
[EventCountry "BUL"]

1.d4 d5 2.c4 e6 3.Nc3 Nf6 4.Bg5 Be7 5.e3 O-O 6.Nf3 Nbd7 7.cxd5 Nxd5 8.Bxe7 Qxe7
9.Be2 Nxc3 10.bxc3 e5 11.O-O e4 12.Nd2 Kh8 13.Qc2 f5 14.Rae1 b6 15.f3 Bb7
16.fxe4 fxe4 17.c4 Qg5 18.Qc3 Nf6 19.Rf2 Rfe8 20.Ref1 Rad8 21.Rf5 Qh6 22.Kh1 Bc8
23.R5f4 Qg5 24.Qc2 Bb7 25.d5 Qg6 26.Nb3 c6 27.dxc6 Bxc6 28.Nd4 Bb7 29.Nf5 Rd7
30.Ng3 Red8 31.Qc3 Kg8 32.Kg1 h6 33.Rxf6 gxf6 34.Nh5 Rd6 35.Nxf6+ Rxf6 36.Rxf6
Qg5 37.h4 Qg3 38.h5 Rd6 39.Rf4 Bc8 40.Qe5 Qxe3+ 41.Kh2 Re6 42.Qf5 Qc5 43.Qf7+
Kh8 44.Qf8+

[Event "9th EUROPEAN  INDIVIDUAL  WOME"]
[Site "Plovdiv, Bulgaria"]
[Date "2008.04.29"]
[Round "8"]
[Board "1"]
[White "Jackova, Jana"]
[Black "Papadopoulou, Vera"]
[Result "1-0"]
[WhiteElo "2345"]
[BlackElo "2199"]
[PlyCount "95"]
[EventDate "2008.04.21"]
[EventRounds "11"]
[EventCountry "BUL"]

1.e4 c5 2.Nf3 d6 3.d4 cxd4 4.Nxd4 Nf6 5.Nc3 a6 6.Be3 e5 7.Nf3 h6 8.Bc4 Be7 9.O-O
Qc7 10.Bb3 Nbd7 11.a4 Nc5 12.Ba2 O-O 13.Nd2 b6 14.b4 Ncd7 15.Ne2 Bb7 16.Ng3 Rfc8
17.Nf5 Bf8 18.Qf3 d5 19.Bxd5 Bxd5 20.exd5 Qxc2 21.d6 Rab8 22.Rfd1 Kh7 23.Qh3 Qc3
24.Rab1 b5 25.a5 Re8 26.Qh4 Qc2 27.g4 Re6 28.Rbc1 Qb2 29.Nf3 Qxb4 30.Ng5+ Kg8
31.Nxe6 fxe6 32.g5 Qxh4 33.Nxh4 hxg5 34.Nf3 Nd5 35.Nxg5 Bxd6 36.Nxe6 N7f6 37.Rc6
Be7 38.Bc5 Bxc5 39.Rxc5 Re8 40.Nc7 Nxc7 41.Rxc7 e4 42.Rd6 Re5 43.Rxa6 Rg5+
44.Kf1 Nd5 45.Rb7 Nf4 46.Raa7 Ne6 47.Re7 Nc5 48.a6

[Event "9th EUROPEAN  INDIVIDUAL  WOME"]
[Site "Plovdiv, Bulgaria"]
[Date "2008.04.29"]
[Round "8"]
[Board "1"]
[White "Rogule, Laura"]
[Black "Dworakowska, Joanna"]
[Result "1-0"]
[WhiteElo "2255"]
[BlackElo "2335"]
[PlyCount "57"]
[EventDate "2008.04.21"]
[EventRounds "11"]
[EventCountry "BUL"]

1.e4 c5 2.Nc3 a6 3.g3 b5 4.Bg2 Bb7 5.Nge2 e6 6.d4 cxd4 7.Nxd4 Nf6 8.Qe2 Be7 9.f4
b4 10.e5 Bxg2 11.Qxg2 bxc3 12.Qxa8 Bb4 13.Rb1 Nd5 14.bxc3 Bxc3+ 15.Kf1 O-O
16.Ba3 Nb6 17.Qe4 Nc4 18.Bc1 Qa5 19.Ne2 d5 20.exd6 Nxd6 21.Qd3 Bb4 22.Bd2 Bxd2
23.Qxd6 Qh5 24.Qxd2 Nc6 25.Qc3 Ne7 26.Kf2 f6 27.Qe3 e5 28.Rb7 Nd5 29.Qf3

[Event "9th EUROPEAN  INDIVIDUAL  WOME"]
[Site "Plovdiv, Bulgaria"]
[Date "2008.04.29"]
[Round "8"]
[Board "1"]
[White "Romanko, Marina"]
[Black "Schuurman, Petra"]
[Result "1-0"]
[WhiteElo "2325"]
[BlackElo "2295"]
[PlyCount "95"]
[EventDate "2008.04.21"]
[EventRounds "11"]
[EventCountry "BUL"]

1.d4 Nf6 2.c4 e6 3.Nf3 c5 4.d5 b5 5.dxe6 fxe6 6.cxb5 d5 7.Bf4 Be7 8.e3 O-O 9.Be2
a6 10.bxa6 Nc6 11.Nbd2 Bxa6 12.O-O Qb6 13.b3 Nb4 14.a4 Nd7 15.Bxa6 Qxa6 16.Ne5
Nxe5 17.Bxe5 Nc6 18.Bb2 Na5 19.Rc1 Qb6 20.Ba3 Rab8 21.Rb1 Rf6 22.Qc2 Rbf8
23.Rbc1 Nb7 24.Nf3 Bd6 25.Ne1 Qc7 26.g3 Qf7 27.Bb2 Rh6 28.f4 e5 29.Nf3 exf4
30.exf4 Qh5 31.Be5 Bxe5 32.Nxe5 Nd6 33.Qg2 Ne4 34.Rcd1 Nc3 35.Rd2 Qf5 36.Re1 Rb6
37.Rb2 Rfb8 38.Qf2 Nxa4 39.Ra2 Nc3 40.Ra7 Ne4 41.Qa2 Nf6 42.Rc7 Rxb3 43.Nc6 Qb1
44.Rc8+ Kf7 45.Ne5+ Ke6 46.f5+ Ke7 47.Qa7+ Kd6 48.Qxc5#

[Event "9th EUROPEAN  INDIVIDUAL  WOME"]
[Site "Plovdiv, Bulgaria"]
[Date "2008.04.29"]
[Round "8"]
[Board "1"]
[White "Galojan, Lilit"]
[Black "Tsiganova, Monika"]
[Result "1/2-1/2"]
[WhiteElo "2324"]
[BlackElo "2198"]
[PlyCount "132"]
[EventDate "2008.04.21"]
[EventRounds "11"]
[EventCountry "BUL"]

1.d4 d5 2.c4 c6 3.Nf3 Nf6 4.Nc3 a6 5.e3 b5 6.b3 g6 7.Bd3 Bg7 8.O-O Bg4 9.h3 Bxf3
10.Qxf3 O-O 11.Bb2 Qd6 12.Rfd1 Nbd7 13.Qf4 Qxf4 14.exf4 dxc4 15.bxc4 Nb6 16.c5
Nbd5 17.Ne2 a5 18.g3 a4 19.Rac1 Rfd8 20.Kg2 Rd7 21.g4 Ne8 22.Kg3 Nec7 23.Be4
Rad8 24.h4 e6 25.Bb1 Nf6 26.h5 Ncd5 27.Rh1 Ne8 28.Rh3 Ne7 29.Kf3 Nd5 30.Rg1 Ne7
31.f5 g5 32.h6 Bf6 33.fxe6 fxe6 34.Rh5 Ng6 35.Be4 Rf7 36.Kg3 Ne7 37.Bc1 Bxd4
38.Rxg5+ Kf8 39.Nf4 Nc7 40.Be3 e5 41.Nd3 Ne6 42.Rxe5 Bxe5+ 43.Nxe5 Nd5 44.Nxf7
Kxf7 45.Kf3 Nxe3 46.Kxe3 Nxc5 47.Bxh7 Re8+ 48.Kd4 Ne6+ 49.Kc3 Rh8 50.Be4 Ng5
51.Bg2 Rxh6 52.f4 Nh7 53.g5 Rd6 54.Be4 Nf8 55.Bd3 Ne6 56.Be2 Nd4 57.Bh5+ Kg7
58.Re1 Ne6 59.Re4 c5 60.a3 Rb6 61.Bg4 b4+ 62.Kb2 bxa3+ 63.Kxa3 Nxf4 64.Rxf4 Rb4
65.Rxb4 cxb4+ 66.Kxb4 Kg6

[Event "9th EUROPEAN  INDIVIDUAL  WOME"]
[Site "Plovdiv, Bulgaria"]
[Date "2008.04.29"]
[Round "8"]
[Board "1"]
[White "Mamedjarova, Zeinab"]
[Black "Isgandarova, Khayala"]
[Result "1-0"]
[WhiteElo "2322"]
[BlackElo "2193"]
[PlyCount "89"]
[EventDate "2008.04.21"]
[EventRounds "11"]
[EventCountry "BUL"]

1.d4 Nf6 2.Nf3 g6 3.Bf4 Bg7 4.e3 O-O 5.Be2 d5 6.h3 c5 7.O-O Nc6 8.c3 Qb6 9.Qc1
Nd7 10.Rd1 Rd8 11.Nbd2 e5 12.dxe5 Ndxe5 13.e4 Be6 14.Ng5 Ne7 15.Nxe6 Qxe6
16.exd5 Nxd5 17.Bg3 Bh6 18.Qc2 Nf4 19.Ne4 Qc6 20.Bh4 Rxd1+ 21.Rxd1 f5 22.Nf6+
Kg7 23.Bf3 Nxf3+ 24.gxf3 Rf8 25.Rd7+ Rf7 26.Qb3 c4 27.Qd1 g5 28.Ne8+ Kg8 29.Rd6
Qxe8 30.Rd8 Qxd8 31.Qxd8+ Rf8 32.Qd6 Ng6 33.Bg3 f4 34.Bh2 Re8 35.Kf1 Re5 36.Qb8+
Bf8 37.h4 Rf5 38.hxg5 Kg7 39.Qxb7+ Be7 40.Qxa7 Kg8 41.Qa8+ Kg7 42.Qe4 Re5
43.Qxc4 Bxg5 44.a4 Rf5 45.a5

[Event "9th EUROPEAN  INDIVIDUAL  WOME"]
[Site "Plovdiv, Bulgaria"]
[Date "2008.04.29"]
[Round "8"]
[Board "1"]
[White "Nikoladze, Sopio"]
[Black "Kochetkova, Julia"]
[Result "1-0"]
[WhiteElo "2249"]
[BlackElo "2316"]
[PlyCount "75"]
[EventDate "2008.04.21"]
[EventRounds "11"]
[EventCountry "BUL"]

1.d4 d5 2.c4 e6 3.Nc3 c6 4.Nf3 Bd6 5.e4 dxc4 6.Bxc4 b5 7.Bb3 b4 8.Ne2 Nd7 9.O-O
Ne7 10.e5 Bc7 11.Nf4 Nb6 12.Ng5 Nf5 13.Nh5 O-O 14.g4 Nxd4 15.Qd3 f5 16.exf6 g6
17.Qe4 Nxb3 18.axb3 Qd5 19.Qc2 c5 20.Rd1 Qc6 21.Be3 Bb7 22.f3 Nd5 23.Rxd5 exd5
24.f7+ Rxf7 25.Nxf7 Kxf7 26.Ng3 Kg8 27.Rc1 Bb6 28.Bf2 Rf8 29.Qe2 Qd6 30.Re1 d4
31.Ne4 Qf4 32.Kg2 Bd5 33.Bg3 Qf7 34.g5 Bxe4 35.Qxe4 Qxb3 36.Bd6 Rd8 37.Qc6 Rxd6
38.Qe8+

[Event "9th EUROPEAN  INDIVIDUAL  WOME"]
[Site "Plovdiv, Bulgaria"]
[Date "2008.04.29"]
[Round "8"]
[Board "1"]
[White "Levushkina, Elena"]
[Black "Ovod, Evgenija"]
[Result "1-0"]
[WhiteElo "2291"]
[BlackElo "2437"]
[PlyCount "87"]
[EventDate "2008.04.21"]
[EventRounds "11"]
[EventCountry "BUL"]

1.e4 c5 2.Nf3 g6 3.d4 Bg7 4.dxc5 Qa5+ 5.c3 Qxc5 6.Na3 b6 7.Bc4 Bb7 8.Be3 Qc8
9.Qb3 Nh6 10.Bxh6 Bxh6 11.Bxf7+ Kf8 12.Bd5 Nc6 13.O-O e6 14.Bxc6 Qxc6 15.Rfe1
Ke7 16.Rad1 Qc5 17.Qc2 a5 18.Qd3 d6 19.e5 Rhd8 20.exd6+ Rxd6 21.Nd4 Qg5 22.Qh3
Rad8 23.Rxe6+ Rxe6 24.Qxe6+ Kf8 25.Qh3 Kg8 26.Nc4 Bg7 27.Qe6+ Kh8 28.Ne3 Rf8
29.Qd7 Qh4 30.Rd2 Bc8 31.Qd6 Qe4 32.h3 Qb1+ 33.Kh2 Re8 34.Nf3 Bb7 35.Qd7 Qe4
36.Qg4 Qc6 37.Rd1 h5 38.Qd7 Qe4 39.Kg1 Bc6 40.Qd3 Qa4 41.Qxg6 Rxe3 42.Rd8+ Re8
43.Ng5 Kg8 44.Ne6

[Event "9th EUROPEAN  INDIVIDUAL  WOME"]
[Site "Plovdiv, Bulgaria"]
[Date "2008.04.29"]
[Round "8"]
[Board "1"]
[White "Bojkovic, Natasa"]
[Black "Komiagina, Maria"]
[Result "0-1"]
[WhiteElo "2434"]
[BlackElo "2285"]
[PlyCount "140"]
[EventDate "2008.04.21"]
[EventRounds "11"]
[EventCountry "BUL"]

1.e4 c5 2.c3 d5 3.exd5 Qxd5 4.d4 Nf6 5.Nf3 e6 6.a3 Be7 7.Be3 Ng4 8.Bd3 Nxe3
9.fxe3 O-O 10.O-O Nc6 11.Nbd2 g6 12.b4 cxd4 13.exd4 a6 14.Nc4 Rb8 15.a4 b5
16.axb5 axb5 17.Ncd2 Bf6 18.Be4 Qd6 19.Nb3 Bg7 20.Nc5 Ne7 21.Qb3 f5 22.Bc2 Nd5
23.Rfe1 Bh6 24.Qb2 g5 25.Bb3 g4 26.Ne5 Bg5 27.Ra7 Qb6 28.Qa2 Nxc3 29.Bxe6+ Kh8
30.Qa5 Bxe6 31.Nxe6 Qxe6 32.Nf7+ Qxf7 33.Rxf7 Rxf7 34.Qa6 Rd8 35.Qc6 Bf6 36.Re8+
Rxe8 37.Qxe8+ Kg7 38.d5 Re7 39.Qc6 Bd4+ 40.Kf1 Ne4 41.Ke2 Be5 42.g3 Bd6 43.Kf1
Bxb4 44.Qxb5 Bc3 45.Kg2 Be5 46.Qa6 h5 47.Qc8 Nd6 48.Qc1 Kg6 49.h4 gxh3+ 50.Kxh3
Rb7 51.Qa3 Rc7 52.Qe3 Nf7 53.Qb6+ Kg7 54.Qb1 Kg6 55.Qb6+ Bd6 56.Qb2 Rc4 57.Qa1
Re4 58.Qa6 Rg4 59.Kg2 h4 60.Qc8 Rxg3+ 61.Kh1 Re3 62.Qg8+ Kf6 63.Qh7 h3 64.Qh4+
Kg6 65.Qf2 Ra3 66.Qg1+ Rg3 67.Qe1 Be5 68.d6 Ra3 69.Qg1+ Kf6 70.d7 Ra1

[Event "9th EUROPEAN  INDIVIDUAL  WOME"]
[Site "Plovdiv, Bulgaria"]
[Date "2008.04.29"]
[Round "8"]
[Board "1"]
[White "Andriasian, Siranush"]
[Black "Collas, Silvia"]
[Result "1/2-1/2"]
[WhiteElo "2278"]
[BlackElo "2395"]
[PlyCount "72"]
[EventDate "2008.04.21"]
[EventRounds "11"]
[EventCountry "BUL"]

1.e4 c5 2.Nf3 e6 3.d4 cxd4 4.Nxd4 a6 5.Nc3 Qc7 6.Bd3 Nf6 7.O-O b5 8.Qe2 d6 9.a4
b4 10.Na2 e5 11.Nf3 Nc6 12.c3 bxc3 13.bxc3 h6 14.Nb4 Nb8 15.a5 Bb7 16.Be3 Be7
17.c4 Nbd7 18.Nd5 Qc6 19.Rfb1 Rb8 20.Bc2 Bd8 21.Ba4 Qc8 22.Nxf6+ Bxf6 23.Qd3 O-O
24.Qxd6 Rd8 25.Nd2 Nf8 26.Qa3 Ne6 27.Rb6 Nf4 28.Bxf4 exf4 29.Rd1 Bd4 30.Rd6 Qc7
31.Rxd8+ Rxd8 32.Bc2 Bc5 33.Qc3 Bd4 34.Qb4 Bc5 35.Qc3 Bd4 36.Qb4 Bc5

[Event "9th EUROPEAN  INDIVIDUAL  WOME"]
[Site "Plovdiv, Bulgaria"]
[Date "2008.04.29"]
[Round "8"]
[Board "1"]
[White "Tarasova, Viktoriya"]
[Black "Kachiani Gersinska, Ketino"]
[Result "1/2-1/2"]
[WhiteElo "2276"]
[BlackElo "2388"]
[PlyCount "80"]
[EventDate "2008.04.21"]
[EventRounds "11"]
[EventCountry "BUL"]

1.d4 Nf6 2.c4 g6 3.Nc3 Bg7 4.e4 d6 5.f4 O-O 6.Nf3 c5 7.d5 e6 8.Be2 exd5 9.cxd5
Bg4 10.O-O Nbd7 11.h3 Bxf3 12.Bxf3 Re8 13.Re1 Qa5 14.a4 c4 15.Bd2 a6 16.Kh2 Re7
17.Nb5 Qb6 18.Na3 Qxb2 19.Nxc4 Qd4 20.Nxd6 Nxd5 21.Rc1 Bh6 22.Rc4 Qxd2 23.Qxd2
Bxf4+ 24.Qxf4 Nxf4 25.Rc7 Kf8 26.Nxb7 Ne5 27.Rec1 Rxc7 28.Rxc7 Ne6 29.Rc3 Ke7
30.Na5 Nd4 31.Nb3 Rd8 32.Bd1 Ne6 33.Be2 Rd6 34.a5 Nc6 35.Kg3 h5 36.h4 Nb4 37.Rc8
Rd8 38.Rxd8 Kxd8 39.Bc4 Ke7 40.e5 f6

[Event "9th EUROPEAN  INDIVIDUAL  WOME"]
[Site "Plovdiv, Bulgaria"]
[Date "2008.04.29"]
[Round "8"]
[Board "1"]
[White "Cosma, Elena Luminita"]
[Black "Makropoulou, Marina"]
[Result "1-0"]
[WhiteElo "2374"]
[BlackElo "2254"]
[PlyCount "81"]
[EventDate "2008.04.21"]
[EventRounds "11"]
[EventCountry "BUL"]

1.d4 Nf6 2.Nf3 g6 3.g3 Bg7 4.Bg2 O-O 5.O-O d6 6.c4 Nc6 7.Nc3 a6 8.Qd3 Bd7 9.d5
Nb4 10.Qb1 a5 11.e4 a4 12.Be3 Ng4 13.Bd2 e5 14.h3 Nf6 15.Ne1 c6 16.a3 Na6
17.dxc6 Bxc6 18.Nd3 Nd7 19.Be3 f5 20.Qd1 Nf6 21.Nb4 fxe4 22.Nxc6 bxc6 23.Nxe4
Nxe4 24.Bxe4 Nb8 25.Qd2 Qd7 26.Rad1 Qxh3 27.Qxd6 Kh8 28.Qe7 Qc8 29.Kg2 Re8
30.Qd6 Bf8 31.Qd3 Qe6 32.Rh1 Kg8 33.Bb6 Re7 34.Qd8 Qxc4 35.Bxg6 Nd7 36.Qxa8 Nxb6
37.Qd8 Nd5 38.Rxh7 Qg4 39.Rh8+ Kg7 40.Qxf8+ Kxg6 41.Rg8+